000 00760nam a2200253Ia 4500
003 OSt
005 20221005073821.0
006 a|||||r|||| 00| 0
007 ta
008 221004b |||||||| |||| 00| 0 urd d
020 _c60
024 _a27103
037 _b4625, 31/12/2015, Kitabi Duniya
_cTextual
040 _aCRL
_cCRL
_burd
041 _2urd
_aurd
082 _aV2yN44, 168N1
100 _aRahman. Shakeel Ur Au.
_9608320
245 0 _aRajiv Gandhi
_baqeedat ke chand phool.
260 _aNew Delhi
_bIsmat Publications. India
_c1991
300 _a88p.
_ccm.
650 _aHISTORIANS - INDIA
942 _hV2yN44, 168N1
_cTEXL
_2cc
999 _c981743
_d981743